|
|
|
|
| LEADER |
01062nam a22002897a 4500 |
| 001 |
36157 |
| 003 |
BD-DhAAL |
| 005 |
20211206112744.0 |
| 008 |
200226t1987 maua 001 0 eng d |
| 999 |
|
|
|c 42263
|d 42263
|
| 010 |
|
|
|a 2001031802
|
| 020 |
|
|
|a 020120729X
|
| 040 |
|
|
|a DLC
|c DLC
|d DLC
|d BD-DhAAL
|
| 042 |
|
|
|a pcc
|
| 050 |
0 |
0 |
|a QC23.2
|b .H49 2002
|
| 082 |
0 |
0 |
|a 530
|2 23
|
| 100 |
1 |
|
|a Hewitt, Paul G.
|9 39618
|
| 245 |
1 |
0 |
|a Conceptual physics :
|b a high school physics program : teacher's edition /
|c Paul G. Hewitt.
|
| 250 |
|
|
|a Teacher's edition
|
| 260 |
|
|
|a Reading, MA :
|b Addison-Wesley,
|c c1987
|
| 300 |
|
|
|a xi, 660 pages :
|b illustrations ;
|c 26 cm.
|
| 526 |
|
|
|a BIED
|
| 541 |
|
|
|a Complimentary copy from BIED
|e 36157
|
| 650 |
|
0 |
|a Physics.
|9 39619
|
| 852 |
|
|
|a Ayesha Abed Library
|c BIED Collection
|
| 942 |
|
|
|2 ddc
|c BK
|
| 952 |
|
|
|0 0
|1 0
|2 ddc
|4 0
|6 530_000000000000000_HEW
|7 0
|9 68019
|a BRACUL
|b BRACUL
|c GEN
|d 2020-02-26
|e Complimentary copy from BIED
|l 2
|m 11
|o 530 HEW
|p 3010036157
|r 2025-05-26
|s 2025-05-19
|t 1
|w 2020-02-26
|y BK
|x Transferred from BIED to General Stacks
|